| 000 | 00883cam a2200241 a 4500 | ||
|---|---|---|---|
| 001 | 000006045 | ||
| 005 | 20200929151912.0 | ||
| 008 | 920603s1991 cu a 001 p spa d | ||
| 010 | _a00319265 | ||
| 040 |
_aDO-SdBNP _cRMP _dDLC |
||
| 082 |
_aCu861.4 _bO48s |
||
| 100 | 1 |
_aOliver Labra, Carilda. _917038 |
|
| 245 | 1 | 0 |
_aSe me ha perdido un hombre / _cCarilda Oliver Labra; edición de Bertha Hernández López; ilustración de José Pérez Olivares. |
| 260 |
_aCiudad de La Habana : _bUnión de Escritores y Artistas de Cuba, _c1991. |
||
| 300 |
_a84 p. : _bil. ; _c20 cm. |
||
| 490 | 1 | _aContemporáneos | |
| 650 | 4 |
_aPoesía cubana _ySIGLO XX _99139 |
|
| 650 | 4 |
_aLiteratura cubana _ySIGLO XX _99186 |
|
| 700 | 1 |
_aHernández López, Bertha, _eed. _917039 |
|
| 700 | 1 |
_aPérez Olivares, José, _eil. _917040 |
|
| 830 | 0 |
_aContemporáneos _96941 |
|
| 910 | _aCatalogación por copia / LC | ||
| 999 |
_c5841 _d5841 |
||